=LDR 00000nam 2200000 4500 =001 INLIS000000000050960 =005 20200908082502 =035 ##$$a 0010-0817000143 =007 ta =008 200908################g##########0#ind## =020 ##$$a 978-602-73263-5-4 =082 ##$$a 302.2 =084 ##$$a 302.2 AQU t =100 #$$a Aqua Dwipayana =245 1#$$a The power of Silaturahim : $b Rahsia sukses menjalin komunikasi /$c Aqua Dwipayana =250 ##$$a cet.3 =260 ##$$a Jakarta :$b Taushia,$c 2016 =300 ##$$a xxxviii, 273 hlm ; $c 11 x 20 cm =650 #4$$a Komunikasi =700 #$$a Nurcholis MA Basyori =990 ##$$a 31701739 =990 ##$$a 31701738 =990 ##$$a 31701737 =990 ##$$a 31701736 =990 ##$$a 31701735 =990 ##$$a 31701734 =990 ##$$a 31701733 =990 ##$$a 31701732 =990 ##$$a 31701731 =990 ##$$a 31701730 =990 ##$$a 31701729 =990 ##$$a 31701728 =990 ##$$a 31701727 =990 ##$$a 31701726 =990 ##$$a 31701725 =990 ##$$a 31701724 =990 ##$$a 31701723 =990 ##$$a 31701722 =990 ##$$a 31701721 =990 ##$$a 31701720